000 00278nam a22001337a 4500
008 170614b xxu||||| |||| 00| 0 eng d
020 _a2900073405376
041 _aeng
080 _a32
100 _a19
101 _aSHP
245 _aTHE GEBUSI
_cKNAUFT, B
942 _2udc
_cBK
999 _c17295
_d17295